Todos os Campeões do Campeonato Piauiense - Statistics

Estatísticas Gerais
  • Esse quiz foi jogado 17 vezes
  • A pontuação média é 84 de 126
Estatísticas das Respostas
Liga Data Resposta % Correto
Federação Piauiense de Futebol 1948 River Atlético Clube (Teresina)
93%
Federação Piauiense de Futebol 1950 River Atlético Clube (Teresina)
93%
Federação Piauiense de Futebol 1951 River Atlético Clube (Teresina)
93%
Federação Piauiense de Futebol 1952 River Atlético Clube (Teresina)
93%
Federação Piauiense de Futebol 1953 River Atlético Clube (Teresina)
93%
Federação Piauiense de Futebol 1954 River Atlético Clube (Teresina)
93%
Federação Piauiense de Futebol 1955 River Atlético Clube (Teresina)
93%
Federação Piauiense de Futebol 1956 River Atlético Clube (Teresina)
93%
Federação Piauiense de Futebol 1958 River Atlético Clube (Teresina)
93%
Federação Piauiense de Futebol 1960 River Atlético Clube (Teresina)
93%
Federação Piauiense de Futebol 1961 River Atlético Clube (Teresina)
93%
Federação Piauiense de Futebol 1962 River Atlético Clube (Teresina)
93%
Federação Piauiense de Futebol 1963 River Atlético Clube (Teresina)
93%
Federação Piauiense de Futebol 1973 River Atlético Clube (Teresina)
93%
Federação Piauiense de Futebol 1975 River Atlético Clube (Teresina)
93%
Federação Piauiense de Futebol 1977 River Atlético Clube (Teresina)
93%
Federação Piauiense de Futebol 1978 River Atlético Clube (Teresina)
93%
Federação Piauiense de Futebol 1980 River Atlético Clube (Teresina)
93%
Federação Piauiense de Futebol 1981 River Atlético Clube (Teresina)
93%
Federação Piauiense de Futebol 1989 River Atlético Clube (Teresina)
93%
Federação Piauiense de Futebol 1996 River Atlético Clube (Teresina)
93%
Federação Piauiense de Futebol 1999 River Atlético Clube (Teresina)
93%
Federação Piauiense de Futebol 2000 River Atlético Clube (Teresina)
93%
Federação Piauiense de Futebol 2001 River Atlético Clube (Teresina)
93%
Federação Piauiense de Futebol 2002 River Atlético Clube (Teresina)
93%
Federação Piauiense de Futebol 2007 River Atlético Clube (Teresina)
93%
Federação Piauiense de Futebol 2014 River Atlético Clube (Teresina)
93%
Federação Piauiense de Futebol 2015 River Atlético Clube (Teresina)
93%
Federação Piauiense de Futebol 2016 River Atlético Clube (Teresina)
93%
Federação Piauiense de Futebol 2019 River Atlético Clube (Teresina)
93%
Federação Piauiense de Futebol 2023 River Atlético Clube (Teresina)
93%
Federação Piauiense de Futebol 1959 River Atlético Clube (Teresina)
87%
Federação Piauiense de Futebol 2017 Associação Atlética de Altos (Altos)
80%
Federação Piauiense de Futebol 2018 Associação Atlética de Altos (Altos)
80%
Federação Piauiense de Futebol 2021 Associação Atlética de Altos (Altos)
80%
Federação Piauiense de Futebol 2024 Associação Atlética de Altos (Altos)
80%
Liga Piauhyense de Sports Terrestres 1939 Esporte Clube Flamengo (Teresina)
80%
Federação Piauiense de Futebol 1942 Esporte Clube Flamengo (Teresina)
80%
Federação Piauiense de Futebol 1944 Esporte Clube Flamengo (Teresina)
80%
Federação Piauiense de Futebol 1947 Esporte Clube Flamengo (Teresina)
80%
Federação Piauiense de Futebol 1964 Esporte Clube Flamengo (Teresina)
80%
Federação Piauiense de Futebol 1965 Esporte Clube Flamengo (Teresina)
80%
Federação Piauiense de Futebol 1970 Esporte Clube Flamengo (Teresina)
80%
Federação Piauiense de Futebol 1971 Esporte Clube Flamengo (Teresina)
80%
Federação Piauiense de Futebol 1976 Esporte Clube Flamengo (Teresina)
80%
Federação Piauiense de Futebol 1979 Esporte Clube Flamengo (Teresina)
80%
Federação Piauiense de Futebol 1984 Esporte Clube Flamengo (Teresina)
80%
Federação Piauiense de Futebol 1986 Esporte Clube Flamengo (Teresina)
80%
Federação Piauiense de Futebol 1987 Esporte Clube Flamengo (Teresina)
80%
Federação Piauiense de Futebol 1988 Esporte Clube Flamengo (Teresina)
80%
Federação Piauiense de Futebol 2003 Esporte Clube Flamengo (Teresina)
80%
Federação Piauiense de Futebol 2009 Esporte Clube Flamengo (Teresina)
80%
Liga Piauiense de Esportes Terrestres 1937 Flamengo Sport Club (Parnaíba)
80%
Liga Piauiense de Esportes Terrestres 1938 Flamengo Sport Club (Parnaíba)
80%
Liga Piauiense de Esportes Terrestres 1939 Flamengo Sport Club (Parnaíba)
80%
Federação Piauiense de Futebol 1966 Piauí Esporte Clube (Teresina)
80%
Federação Piauiense de Futebol 1967 Piauí Esporte Clube (Teresina)
80%
Federação Piauiense de Futebol 1968 Piauí Esporte Clube (Teresina)
80%
Federação Piauiense de Futebol 1969 Piauí Esporte Clube (Teresina)
80%
Federação Piauiense de Futebol 1985 Piauí Esporte Clube (Teresina)
80%
Federação Piauiense de Futebol 2022 Fluminense Esporte Clube (Teresina)
73%
Liga Sportiva Parnahybana 1916 Parnahyba Sport Club (Parnaíba)
73%
Liga Sportiva Parnahybana 1919 Parnahyba Sport Club (Parnaíba)
73%
Liga Piauiense de Esportes Terrestres 1924 Parnahyba Sport Club (Parnaíba)
73%
Liga Piauiense de Esportes Terrestres 1925 Parnahyba Sport Club (Parnaíba)
73%
Liga Piauiense de Esportes Terrestres 1927 Parnahyba Sport Club (Parnaíba)
73%
Liga Piauiense de Esportes Terrestres 1929 Parnahyba Sport Club (Parnaíba)
73%
Liga Piauiense de Esportes Terrestres 1930 Parnahyba Sport Club (Parnaíba)
73%
Liga Piauiense de Esportes Terrestres 1940 Parnahyba Sport Club (Parnaíba)
73%
Federação Piauiense de Futebol 2004 Parnahyba Sport Club (Parnaíba)
73%
Federação Piauiense de Futebol 2005 Parnahyba Sport Club (Parnaíba)
73%
Federação Piauiense de Futebol 2006 Parnahyba Sport Club (Parnaíba)
73%
Federação Piauiense de Futebol 2012 Parnahyba Sport Club (Parnaíba)
73%
Federação Piauiense de Futebol 2013 Parnahyba Sport Club (Parnaíba)
73%
Federação Piauiense de Futebol 1991 Sociedade Esportiva Picos (Picos)
73%
Federação Piauiense de Futebol 1994 Sociedade Esportiva Picos (Picos)
73%
Federação Piauiense de Futebol 1997 Sociedade Esportiva Picos (Picos)
73%
Federação Piauiense de Futebol 1998 Sociedade Esportiva Picos (Picos)
73%
Liga Piauiense de Esportes Terrestres 1931 Sport Club Fluminense (Parnaíba)
73%
Liga Piauiense de Esportes Terrestres 1935 Sport Club Fluminense (Parnaíba)
73%
Federação Piauiense de Futebol 1992 4 de Julho Esporte Clube (Piripiri)
60%
Federação Piauiense de Futebol 2011 4 de Julho Esporte Clube (Piripiri)
60%
Federação Piauiense de Futebol 2020 4 de Julho Esporte Clube (Piripiri)
60%
Federação Piauiense de Futebol 1972 Sociedade Esportiva Tiradentes (Teresina)
53%
Federação Piauiense de Futebol 1974 Sociedade Esportiva Tiradentes (Teresina)
53%
Federação Piauiense de Futebol 1975 Sociedade Esportiva Tiradentes (Teresina)
53%
Federação Piauiense de Futebol 1982 Sociedade Esportiva Tiradentes (Teresina)
53%
Federação Piauiense de Futebol 1990 Sociedade Esportiva Tiradentes (Teresina)
53%
Liga Piauhyense de Sports Terrestres 1924 Tiradentes Athletic Club (Teresina)
53%
Liga Piauhyense de Sports Terrestres 1925 Tiradentes Athletic Club (Teresina)
53%
Liga Piauhyense de Sports Terrestres 1926 Tiradentes Athletic Club (Teresina)
53%
Liga Piauhyense de Sports Terrestres 1927 Tiradentes Athletic Club (Teresina)
53%
Liga Piauhyense de Sports Terrestres 1928 Tiradentes Athletic Club (Teresina)
53%
Liga Piauhyense de Sports Terrestres 1934 Botafogo Esporte Clube (Teresina)
47%
Liga Piauhyense de Sports Terrestres 1935 Botafogo Esporte Clube (Teresina)
47%
Liga Piauhyense de Sports Terrestres 1936 Botafogo Esporte Clube (Teresina)
47%
Liga Piauhyense de Sports Terrestres 1937 Botafogo Esporte Clube (Teresina)
47%
Liga Piauhyense de Sports Terrestres 1938 Botafogo Esporte Clube (Teresina)
47%
Liga Theresinense de Esportes Terrestres 1940 Botafogo Esporte Clube (Teresina)
47%
Federação Piauiense de Futebol 1941 Botafogo Esporte Clube (Teresina)
47%
Federação Piauiense de Futebol 1943 Botafogo Esporte Clube (Teresina)
47%
Federação Piauiense de Futebol 1945 Botafogo Esporte Clube (Teresina)
47%
Federação Piauiense de Futebol 1946 Botafogo Esporte Clube (Teresina)
47%
Federação Piauiense de Futebol 1949 Botafogo Esporte Clube (Teresina
47%
Federação Piauiense de Futebol 1957 Botafogo Esporte Clube (Teresina
47%
Federação Piauiense de Futebol 1995 Associação Atlética Corissabá (Floriano)
40%
Federação Piauiense de Futebol 1983 Auto Esporte Clube (Teresina)
33%
Federação Piauiense de Futebol 2008 Barras Futebol Clube (Barras)
33%
Federação Piauiense de Futebol 2010 Comercial Atlético Clube (Campo Maior)
33%
Diretório Piauhyense de Sports Terrestres 1918 Palmeiras Futebol Clube (Teresina)
33%
Liga Sportiva Parnahybana 1918 Artístico Foot-Ball Club (Parnaíba)
20%
Liga Sportiva Theresinense 1920 Artístico Foot-Ball Club (Teresina)
20%
Liga Piauihyense de Sports Athléticos 1923 Artístico Foot-Ball Club (Teresina)
20%
Liga Piauhyense de Sports Terrestres 1929 Artístico Foot-Ball Club (Teresina)
20%
Liga Piauhyense de Sports Terrestres 1930 Artístico Foot-Ball Club (Teresina)
20%
Liga Piauhyense de Sports Terrestres 1933 Artístico Foot-Ball Club (Teresina)
20%
Liga Sportiva Parnahybana 1917 Belga Football Club (Parnaíba)
20%
Liga Piauihyense de Sports Athléticos 1921 Militar Sport Club (Teresina)
20%
Liga Piauhyense de Sports Terrestres 1931 Militar Sport Club (Teresina)
20%
Liga Piauhyense de Sports Terrestres 1932 Militar Sport Club (Teresina)
20%
Liga Sportiva Theresinense 1919 Theresinense Athletic Club (Teresina)
20%
Liga Piauihyense de Sports Athléticos 1922 Theresinense Athletic Club (Teresina)
20%
Liga Sportiva Parnahybana 1922 Piauhy Sport Club (Parnaíba)
13%
Liga Sportiva Parnahybana 1921 Internacional Athletic Club (Parnaíba)
7%
Liga Piauiense de Esportes Terrestres 1926 Internacional Athletic Club (Parnaíba)
7%
Liga Piauiense de Esportes Terrestres 1928 Internacional Athletic Club (Parnaíba)
7%
Nenhum quiz correspondente encontrado
Distribuição das Pontuações
Porcentagem de Pessoas com Cada Pontuação
Percentil de Números Respondidos
Sua Pontuação Histórica
Você não jogou esse quiz